| 000 | 00553cam a2200181 4500 | ||
|---|---|---|---|
| 001 | 44713 | ||
| 090 | _a44713 | ||
| 100 | _a19940222d1951 k y0pory50030103ba | ||
| 101 | 0 | _apor | |
| 102 | _aPT | ||
| 200 | 1 |
_aGinástica infantil _edoutrina e didáctica _fAlberto Feliciano Marques Pereira _gpref. de Mário de Gusmão Madeira |
|
| 210 | 9 |
_aLisboa _cBertrand, _d1951 |
|
| 215 |
_a[4] f., 350 p. _d24 cm |
||
| 675 | _a796.4 | ||
| 700 | 1 |
_aPereira, _bAlberto Feliciano Marques, _f1908-1969 |
|
| 702 | 1 |
_aMadeira, _bMário, _f1901-1985 _4080 |
|
| 801 | 0 |
_aPT _bBN _gRPC |
|
| 990 | _cLIVROS | ||